Five great non-Christian religions: (Record no. 47577)
[ view plain ]
| 000 -LEADER | |
|---|---|
| fixed length control field | 00876cam a22002531 4500 |
| 001 - CONTROL NUMBER | |
| control field | 6431982 |
| 005 - DATE AND TIME OF LATEST TRANSACTION | |
| control field | 20190806152657.0 |
| 008 - FIXED-LENGTH DATA ELEMENTS--GENERAL INFORMATION | |
| fixed length control field | 771108s1936 enk 000 0 eng |
| 010 ## - LIBRARY OF CONGRESS CONTROL NUMBER | |
| LC control number | 37025755 |
| 035 ## - SYSTEM CONTROL NUMBER | |
| System control number | (OCoLC)3400969 |
| 040 ## - CATALOGING SOURCE | |
| Original cataloging agency | DLC |
| Transcribing agency | MiGrC |
| Modifying agency | DLC |
| 042 ## - AUTHENTICATION CODE | |
| Authentication code | premarc |
| 100 1# - MAIN ENTRY--PERSONAL NAME | |
| Personal name | Titterton, Charles Henry. |
| 245 10 - TITLE STATEMENT | |
| Title | Five great non-Christian religions: |
| Remainder of title | an introduction to Mohammedanism, Hinduism, Buddhism, Confucianism and Shintoism / |
| Statement of responsibility, etc | by C. H. Titterton : with a foreword by A. W. T. Perowne. |
| 260 ## - PUBLICATION, DISTRIBUTION, ETC. (IMPRINT) | |
| Place of publication, distribution, etc | London : |
| Name of publisher, distributor, etc | The Inter-varsity fellowship of evangelical unions, |
| Date of publication, distribution, etc | 1937. |
| 300 ## - PHYSICAL DESCRIPTION | |
| Extent | x, 118 p. ; |
| Dimensions | 21 cm. |
| 336 ## - CONTENT TYPE | |
| Content Type Term | text |
| 337 ## - MEDIA TYPE | |
| Media Type Term | unmediated |
| 338 ## - CARRIER TYPE | |
| Carrier Type Term | volume |
| 650 #0 - SUBJECT ADDED ENTRY--TOPICAL TERM | |
| Topical term or geographic name as entry element | Religions. |
| 710 2# - ADDED ENTRY--CORPORATE NAME | |
| Corporate name or jurisdiction name as entry element | Inter-Varsity Fellowship of Evangelical Unions. |
| 906 ## - LOCAL DATA ELEMENT F, LDF (RLIN) | |
| a | 7 |
| b | cbc |
| c | oclcrpl |
| d | u |
| e | ncip |
| f | 19 |
| g | y-gencatlg |
| 942 ## - ADDED ENTRY ELEMENTS (KOHA) | |
| Source of classification or shelving scheme | Library of Congress Classification |
| Item type | Books |
| Withdrawn status | Lost status | Source of classification or shelving scheme | Damaged status | Not for loan | Home library | Current library | Shelving location | Date acquired | Inventory number | Total Checkouts | Full call number | Barcode | Date last seen | Price effective from | Koha item type |
|---|---|---|---|---|---|---|---|---|---|---|---|---|---|---|---|
| Library of Congress Classification | BSOP Library | BSOP Library | GC | 08/01/2019 | 4189 | BL82 T53r | 00020950 | 08/01/2019 | 08/01/2019 | Books |
